Seminarians Permitted to Preach During Mass: Canon 767, §1

The following letter in English from the Congregation for Catholic Education outlines the conditions for which seminarians may be allowed to preach during Mass.

Saved in:  
Bibliographic Details
Corporate Author: Ecclesia Catholica. VerfasserIn (Author)
Format: Print Article
Language:English
Check availability: HBZ Gateway
Interlibrary Loan:Interlibrary Loan for the Fachinformationsdienste (Specialized Information Services in Germany)
Published: 1999
In: Roman replies and CLSA advisory opinions 1999
Year: 1999, Pages: 9-10
IxTheo Classification:SB Catholic Church law
Further subjects:B Sermon
B Seminarian
B Holy See (motif) Codex iuris canonici 1983. can. 767

MARC

LEADER 00000naa a22000002c 4500
001 1947752200
003 DE-627
005 20260105121720.0
007 tu
008 260105s1999 xx ||||| 00| ||eng c
020 |a 0943616840 
035 |a (DE-627)1947752200 
035 |a (DE-599)KXP1947752200 
040 |a DE-627  |b ger  |c DE-627  |e rakwb 
041 |a eng 
084 |a 1  |2 ssgn 
110 2 |e VerfasserIn  |0 (DE-588)1090644086  |0 (DE-627)854403248  |0 (DE-576)461011271  |4 aut  |a Ecclesia Catholica  |b Congregatio de Seminariis atque Studiorum Institutis 
245 1 0 |a Seminarians Permitted to Preach During Mass  |b Canon 767, §1  |c Congregation for Catholic Education 
264 1 |c 1999 
336 |a Text  |b txt  |2 rdacontent 
337 |a ohne Hilfsmittel zu benutzen  |b n  |2 rdamedia 
338 |a Band  |b nc  |2 rdacarrier 
520 |a The following letter in English from the Congregation for Catholic Education outlines the conditions for which seminarians may be allowed to preach during Mass. 
610 2 7 |0 (DE-588)1126752738  |0 (DE-627)881337005  |0 (DE-576)484763059  |a Katholische Kirche  |t Codex iuris canonici  |f 1983  |p can. 767  |2 gnd 
650 0 7 |0 (DE-588)4047089-1  |0 (DE-627)106195794  |0 (DE-576)209072172  |a Predigt  |2 gnd 
650 0 7 |0 (DE-588)4196671-5  |0 (DE-627)105202193  |0 (DE-576)210109386  |a Alumne  |2 gnd 
652 |a SB 
773 0 8 |i Enthalten in  |t Roman replies and CLSA advisory opinions 1999  |d 1999  |g (1999), Seite 9-10  |h VI, 148 S.  |w (DE-627)1152978497  |w (DE-576)082978492  |z 0943616840 
773 1 8 |g year:1999  |g pages:9-10 
935 |a DAKR 
951 |a AR 
CAL |a 207670000_207679999 
CAN |a 1 
ELC |b 1 
LOK |0 000 xxxxxcx a22 zn 4500 
LOK |0 001 4838956053 
LOK |0 003 DE-627 
LOK |0 004 1947752200 
LOK |0 005 20260105121643 
LOK |0 008 260105||||||||||||||||ger||||||| 
LOK |0 040   |a DE-Tue135-3  |c DE-627  |d DE-Tue135-3 
LOK |0 092   |o n 
LOK |0 852   |a DE-Tue135-3 
LOK |0 852 1  |9 00 
LOK |0 936ln  |0 1442053313  |a SB 
LOK |0 939   |a 05-01-26  |b l01 
ORI |a SA-MARC-ixtheoa001.raw 
STA 0 0 |a Seminarian,Candidate for the priesthood,Priest,Sermon,Sermon 
STB 0 0 |a Sermon,Sermon,Homélie,Prédication,Homélie,Prédication,Séminariste 
STC 0 0 |a Predicación,Predicación,Homilía,Prédica,Homilía,Prédica,Homilía (Motivo),Prédica,Homilía,Prédica,Seminarista 
STD 0 0 |a Omelia,Omelia,Seminarista,Allievo di istituto religioso,Allievo di istituto religioso 
STE 0 0 |a 神学院学生,修生,讲章,讲章,讲道,讲道 
STF 0 0 |a 神學院學生,修生,講章,講章,講道,講道 
STG 0 0 |a Prédica,Prédica,Homilia,Pregação,Homilia,Pregação,Homilia (Motivo),Pregação,Homilia,Pregação,Seminarista 
STH 0 0 |a Проповедь (мотив),Проповедь,Семинарист 
STI 0 0 |a Κήρυγμα (μοτίβο),Κήρυγμα,Σεμιναριστής,Φοιτητής θρησκευτικής σχολής 
SUB |a CAN 
SYE 0 0 |a Kanzelrede , Alumnus,Seminarist,Priesterseminarist,Priesteramtskandidat